Statistiques concernant Titres des champions de league of legends

Cliquez ici pour prendre le quiz!

Statistiques générales

  • Ce quiz a été pris 72 fois
    (11 depuis la dernière actualisation)
  • Le résultat moyen est 48 sur 166

Statistiques - réponses

championstitre% Correct
AatroxEpée des Darkin
70%
AniviaCryophénix
60%
BlitzcrankGolem de vapeur
60%
AlistarMinotaure
60%
AmumuMomie mélancolique
60%
AkshanSentinelle rebelle
60%
GragasAgitateur
50%
Kog'MawGueule des abysses
50%
GravesHors-la-loi
50%
Bel'VethImpératrice du Néant
50%
KarthusLiche
50%
DariusMain de Noxus
50%
JaxMaître d'armes
50%
ZedMaître des ombres
50%
SettPatron
50%
AhriRenard à neuf queues
50%
CaitlynShérif de Piltover
50%
AsheArchère de givre
40%
ApheliosArme des Lunaris
40%
CorkiArtilleur téméraire
40%
AkaliAssassin rebelle
40%
JannaAvatar de l'air
40%
ShacoBouffon des ténèbres
40%
GnarChaînon manquant
40%
RakanCharmeur
40%
BraumCoeur de Freljord
40%
GwenCouturière sacrée
40%
LuxDame de lumière
40%
IreliaDanseuse des lames
40%
MalphiteEclat du Monolithe
40%
AnnieEnfant des ténèbres
40%
FizzFilou des mers
40%
LilliaFleur timide
40%
YoneInoublié
40%
KatarinaLame sinistre
40%
Lee SinMoine aveugle
40%
JayceProtecteur du futur
40%
LucianPurificateur
40%
EliseReine Araignée
40%
MordekaiserRevenant de fer
40%
LissandraSorcière de glace
40%
IvernAîné de la forêt
30%
ZacArme secrète
30%
LeonaAube radieuse
30%
Renata GlascBaronne de la chimie
30%
YorickBerger des âmes
30%
OlafBerzerker
30%
NeekoCaméléon curieux
30%
KledCavalier colérique
30%
NidaleeChasseresse bestiale
30%
KassadinChasseur du Néant
30%
Miss fortuneChasseuse de primes
30%
KennenCoeur de la tempête
30%
GalioColosse
30%
Dr.MundoDément de Zaun
30%
ShyvanaDemi-Dragon
30%
OriannaDemoiselle mécanique
30%
EvelynnDémon sadique
30%
FiddlesticksEffroi nocturne
30%
AzirEmpereur des sables
30%
SorakaEnfant des étoiles
30%
CassiopeiaEtreinte du serpent
30%
RivenExilée brisée
30%
KaynFaucheur de l'ombre
30%
K'SantéFierté de Nazumah
30%
Maître YiFine lame Wuju
30%
GangplankFléau des mers
30%
EkkoFractureur du temps
30%
SejuaniFureur du Nord
30%
NasusGardien des sables
30%
BardGardien errant
30%
DravenGlorieux éxécuteur
30%
NilahJoie incarnée
30%
NaafiriLa Meute de fer
30%
Nunu & WillumpLe garçon et son Yéti
30%
Twisted FateMaître des cartes
30%
LeBlancManipulatrice
30%
RumbleMenace mécanisée
30%
ShenOeil du Crépuscule
30%
Vel'KozOeil du Néant
30%
CamilleOmbre d'acier
30%
HecarimOmbre de la Guerre
30%
IllaoiPrêtresse du Kraken
30%
XayahRebelle
30%
SennaRédemptrice
30%
TryndamereRoi barbare
30%
ViegoRoi déchu
30%
TrundleRoi des Trolls
30%
SamiraRose du désert
30%
KarmaSagesse incarnée
30%
Xin ZhaoSénéchal de Demacia
30%
LuluSorcière féerique
30%
FioraSublime bretteuse
30%
RammusTatou blindé
30%
Cho'GathTerreur noire
30%
MaokaiTréant Torturé
30%
RellVierge de fer
30%
JhinVirtuose
30%
SonaVirtuose de la harpe
30%
QuinnAiles de Demacia
20%
NamiAquamancienne
20%
TaricBouclier de Valoran
20%
TristanaCanonnière Yordle
20%
SéraphineChanteuse rêveuse
20%
KindredChasseurs éternels
20%
SingedChimiste fou
20%
ViCogne de Piltover
20%
SionColosse mort-vivant
20%
MorganaDéchue
20%
RenektonDévoreur des sables
20%
OrnnDieu de la forge volcanique
20%
YasuoDisgracié
20%
MilioDouce Flamme
20%
NocturneEternel cauchemar
20%
PykeEventreur des abysses
20%
Jarvan IVExemple Demacien
20%
ZiggsExpert des hexplosifs
20%
EzrealExplorateur prodigue
20%
BriarFaim insatiable
20%
Kha'ZixFaucheur du Néant
20%
Kai'SaFille du Néant
20%
VarusFlèche de la vengeance
20%
GarenForce de Demacia
20%
Aurelion SolForgeur d'étoiles
20%
JinxGâchette folle
20%
SkarnerGardien de cristal
20%
ZileanGardien du temps
20%
YuumiGardienne du Grimoire
20%
PoppyGardienne du marteau
20%
ViktorHéraut des machines
20%
QiyanaImpératrice des éléments
20%
HeimerdingerInventeur réputé
20%
KalistaLance de la vengeance
20%
PantheonLance éternelle
20%
RyzeMage runique
20%
XerathMage suprême
20%
ZoéManifestation du Crépuscule
20%
DianaMépris de la Lune
20%
VexOmbre du désespoir
20%
MalzaharProphète du Néant
20%
Tahm KenchRoi des rivières
20%
WukongRoi des singes
20%
TeemoScout de Bantam
20%
VeigarSeigneur des maléfices
20%
SyndraSouveraine obscure
20%
VolibearTempête impitoyable
20%
TaliyahTisseuse de pierres
20%
NautilusTitan des profondeurs
20%
Rek'SaiTraqueuse du Néant
20%
Brandvengeur flamboyant
20%
KayleVertueuse
20%
SivirVierge martiale
20%
HweiVisionnaire
20%
UrgotBroyeur
10%
Vaynechasseur nocturne
10%
ZyraDame aux ronces
10%
ZeriEtincelle de Zaun
10%
RengarFier traqueur
10%
WarwickFureur déchaînée de Zaun
10%
ThreshGarde aux chaînes
10%
UdyrGardien des esprits
10%
SwainGrand général Noxien
10%
TalonLame des ténèbres
10%
SylasRévolutionnaire déchaîné
10%
VladimirSaigneur pourpre
10%
TwitchSemeur de peste
10%

Distribution des résultats

Percentile par nombre de réponses

% des personnes avec chaque résultat

Votre développement - résultats

Vous n’avez pas pris ce quiz depuis la dernière actualisation